ბათუმის შოთა რუსთაველის სახელმწიფო უნივერსიტეტის ბიბლიოთეკა

სამგორი. (ბიბ.ჩანაწერი № 43356)

000 -LEADER
fixed length control field 00815nam a2200217Ia 4500
001 - CONTROL NUMBER
control field 10084
003 - CONTROL NUMBER IDENTIFIER
control field GE_BSU
008 - FIXED-LENGTH DATA ELEMENTS--GENERAL INFORMATION
fixed length control field 181216s||||||||xx |||||||||||||| ||und||
040 ## - CATALOGING SOURCE
Transcribing agency GE_BSU
080 ## - UNIVERSAL DECIMAL CLASSIFICATION NUMBER
Universal Decimal Classification number 821.353.1–1+821.353.1-32+821.353.1-4
245 ## - TITLE STATEMENT
Title სამგორი.
245 ## - TITLE STATEMENT
Remainder of title ლექსები,მოთხრობები,ნარკვევები
245 ## - TITLE STATEMENT
Statement of responsibility, etc. რედ.გ.ნატროშვილი.კ.კალაძე.მხატვ.ზ.ლეჟავა,ა.ბანძელაძე.
260 ## - PUBLICATION, DISTRIBUTION, ETC.
Place of publication, distribution, etc. თბილისი
260 ## - PUBLICATION, DISTRIBUTION, ETC.
Name of publisher, distributor, etc. სახელგამი
260 ## - PUBLICATION, DISTRIBUTION, ETC.
Date of publication, distribution, etc. 1953
300 ## - PHYSICAL DESCRIPTION
Extent 288გვ.23სმ.
653 ## - INDEX TERM--UNCONTROLLED
Uncontrolled term ლექსები,მოთხრობები,ნარკვევები
653 ## - INDEX TERM--UNCONTROLLED
Uncontrolled term სამგორი.
942 ## - ADDED ENTRY ELEMENTS (KOHA)
Koha item type წიგნი
ეგზემპლარები
Withdrawn status Lost status Damaged status Not for loan Date acquired Barcode Date last seen Price effective from Koha item type
        2018-12-17 33614 2018-12-17 2018-12-17 წიგნი
        2018-12-17 33615 2018-12-17 2018-12-17 წიგნი